02937cam a22004454i 4500003000900000005001700009008004100026020001500067020001800082035002700100040003800127041001300165082001700178130004400195245013900239264006700378300004300445336002100488337002500509338002300534504003300557505150900590526001002099526001002109526001002119526001002129526000802139526000802147526000802155526000802163526000802171526000802179526000802187534009002195650004402285650004602329700004002375700003802415700003802453PE-LiUPU20250731172834.0150827s2014 miu r 001 0 eng d a0802869904 a9780802869906 a(Sirsi) i9780802869906 aDLCbspacDLCdDLCdPE-LiUPUerda1 aenghita04a261bA472230 aAll'origine della diversità.lEnglish10aRetrieving origins and the claim of multiculturalism /cedited by Antonio López & Javier Prades ; translated by Mariangela Sullivan. 1aGrand Rapids :bWilliam B. Eerdmans Publishing Company,c2014. axvi, 208 páginas ;c24 centímetros atext2rdacontent aunmediated2rdamedia avolume2rdacarrier aÍndice: páginas 205-208.0 aPreface / Angelo Cardinal Scola -- Introduction / Antonio López -- Part I. Perceiving otherness, understanding difference. Recognition and culture : toward a model of intercultural subjectivities / Francesco Botturi -- The encounter and emergence of human nature / Carmine Di Martino -- We need a "relational reason" for different cultures to meet and build a common world / Pierpaolo Donati -- The link between "fundamentalism" and "relativism" / Costantino Esposito -- Retrieval of otherness in a technological culture / Antonio López -- Part II. Ordering social life. Human rights and cultural plurality : a possible path / Marta Cartabia -- Multiculturalism and ethically controversial questions : what form should regulation take? / Lorenza Violini -- The Abraham model of multicultural integration : Ger and Toshav / Joseph H. H. Weiler -- Part III. The recognition of God as the ultimate ground. Church, modernity, and multiculturalism : an extemporaneous reflection / Francisco Javier Martinez Fernández -- Interculturality and Christian mission in today's society / Massimo Borghesi -- War and the American difference : a theological assessment / Stanley Hauerwas -- Multiculturalism in Britain : the case of the recent debate over Sharia / John Milbank -- Knowing the truth through witness : the Christian faith in the context of interreligious dialogue / Javier Prades -- Multiculturalism and civil community inside the liberal state : truth and (religious) freedom / David L. Schindler. aSEG42 aSEG41 aSEG40 aSEG39 aP94 aP87 aP86 aP85 aP77 aP76 aP35 apTítulo original :tAll'origine della diversità : le sfide del multiculturalismo.14aMulticulturalismoxAspectos religiosos.24aPluralismo culturalxAspectos religiosos.1 aLópez, Antonio,d1968- ,eeditor.1 aPrades, Javier,d1960- ,eeditor.1 aSullivan, Mariangela,etraductor.